IFM Opac

Principles of Accounts for East Africa: Students' Book (Record no. 20768)

MARC details
000 -LEADER
fixed length control field 00580nam a22002057a 4500
003 - CONTROL NUMBER IDENTIFIER
control field OSt
005 - DATE AND TIME OF LATEST TRANSACTION
control field 20251127082735.0
008 - FIXED-LENGTH DATA ELEMENTS--GENERAL INFORMATION
fixed length control field 220830b |||||||| |||| 00| 0 eng d
020 ## - INTERNATIONAL STANDARD BOOK NUMBER
International Standard Book Number 978-1-4082-3087-9
040 ## - CATALOGING SOURCE
Transcribing agency IFM Library
082 ## - DEWEY DECIMAL CLASSIFICATION NUMBER
Classification number 657.9 676
100 ## - MAIN ENTRY--PERSONAL NAME
Personal name Wood, Frank
9 (RLIN) 5666
245 ## - TITLE STATEMENT
Title Principles of Accounts for East Africa: Students' Book
250 ## - EDITION STATEMENT
Edition statement 2nd
260 ## - PUBLICATION, DISTRIBUTION, ETC.
Place of publication, distribution, etc. Harlow:
Name of publisher, distributor, etc. Pearson Education,
Date of publication, distribution, etc. 2011
300 ## - PHYSICAL DESCRIPTION
Extent iiii, 372p.:
Other physical details ill;27cm
500 ## - GENERAL NOTE
General note Includes Index
700 ## - ADDED ENTRY--PERSONAL NAME
Personal name Kamasanyu Diana, Magati Peter, Basil Bakama
9 (RLIN) 5667
942 ## - ADDED ENTRY ELEMENTS (KOHA)
Koha item type Books
Source of classification or shelving scheme Dewey Decimal Classification
Suppress in OPAC No
Holdings
Withdrawn status Lost status Source of classification or shelving scheme Damaged status Not for loan Collection code Home library Current library Shelving location Date acquired Source of acquisition Total Checkouts Full call number Barcode Date last seen Date last checked out Price effective from Koha item type
    Dewey Decimal Classification     Non-fiction IFM Main Campus Library IFM Main Campus Library Work Room processing 11/27/2025 Purchase   657.9676 WOO 0000030268 11/27/2025   02/19/2022 Books
    Dewey Decimal Classification     Non-fiction IFM Main Campus Library IFM Main Campus Library Work Room processing 11/27/2025 Purchase   657.9676 WOO 0000030267 11/27/2025   02/19/2022 Books
    Dewey Decimal Classification     Non-fiction IFM Main Campus Library IFM Main Campus Library Work Room processing 11/27/2025 Purchase   657.9676 WOO 0000030269 11/27/2025   02/19/2022 Books
    Dewey Decimal Classification     Non-fiction IFM Main Campus Library IFM Simiyu Campus Library Simiyu Campus 10/19/2020 Purchase 1 657.9676 WOO 0000022653 06/14/2021 06/07/2021 02/19/2022 Books
    Dewey Decimal Classification     Non-fiction IFM Main Campus Library IFM Simiyu Campus Library Simiyu Campus 10/19/2020 Purchase 1 657.9676 WOO 0000022651 06/25/2021 06/18/2021 02/19/2022 Books
    Dewey Decimal Classification     Non-fiction IFM Main Campus Library IFM Simiyu Campus Library Simiyu Campus 10/19/2020 Purchase 2 657.9676 WOO 0000022652 07/05/2021 07/01/2021 02/19/2022 Books
    Dewey Decimal Classification     Non-fiction IFM Main Campus Library IFM Simiyu Campus Library Simiyu Campus 10/19/2020 Purchase 3 657.9676 WOO 0000022650 07/12/2021 07/06/2021 02/19/2022 Books
    Dewey Decimal Classification     Non-fiction IFM Main Campus Library IFM Simiyu Campus Library Simiyu Campus 10/19/2020 Purchase 1 657.9676 WOO 0000022648 06/21/2021 06/18/2021 02/19/2022 Books
    Dewey Decimal Classification     Non-fiction IFM Main Campus Library IFM Simiyu Campus Library Simiyu Campus 10/19/2020 Purchase 4 657.9676 WOO 0000022649 07/15/2021 07/08/2021 02/19/2022 Books
    Dewey Decimal Classification     Non-fiction IFM Main Campus Library Special Reserve Collection Special Reserve Collection 08/30/2022 Purchase   657.9676 WOO 0000022656 10/19/2020   02/19/2022 Books
    Dewey Decimal Classification     Non-fiction IFM Main Campus Library Special Reserve Collection Special Reserve Collection 08/31/2022 Purchase   657.9676 WOO 0000022655 10/20/2020   02/19/2022 Books